书目信息 |
| 题名: |
体操
|
|
| 作者: | 郭颂 , 姚鑫 主编 | |
| 分册: | ||
| 出版信息: | 北京 北京师范大学出版社 2015 |
|
| 页数: | 166页 | |
| 开本: | 23cm | |
| 丛书名: | 21世纪体育系列规划教材 | |
| 单 册: | ||
| 中图分类: | G83 | |
| 科图分类: | ||
| 主题词: | 体操--ti cao--高等学校--教材 | |
| 电子资源: | ||
| ISBN: | 978-7-303-19352-3 | |
| 000 | 00828nam 2200277 450 | |
| 001 | 012001004813 | |
| 005 | 20140125110149.0 | |
| 010 | @a978-7-303-19352-3@dCNY27.00 | |
| 099 | @aCAL 012015147272 | |
| 100 | @a20150928d2015 em y0chiy50 ea | |
| 101 | 0 | @achi |
| 102 | @aCN@b110000 | |
| 105 | @aak z 000yy | |
| 106 | @ar | |
| 200 | 1 | @a体操@Ati cao@f主编郭颂, 姚鑫 |
| 210 | @a北京@c北京师范大学出版社@d2015 | |
| 215 | @a166页@c图@d23cm | |
| 225 | 2 | @a21世纪体育系列规划教材@A21 shi ji ti yu xi lie gui hua jiao cai |
| 300 | @a西南区体育教材教法研究会教材编审委员会审订 | |
| 410 | 0 | @12001@a21世纪体育系列规划教材 |
| 606 | 0 | @a体操@Ati cao@x高等学校@j教材 |
| 690 | @aG83@v5 | |
| 701 | 0 | @a郭颂@Aguo song@4主编 |
| 701 | 0 | @a姚鑫@Ayao xin@4主编 |
| 801 | 0 | @b江苏凤凰@c20191020 |
| 905 | @b1239455-8@dG83@e196@f4 | |
| 体操/主编郭颂, 姚鑫.-北京:北京师范大学出版社,2015 |
| 166页:图;23cm.-(21世纪体育系列规划教材) |
| 西南区体育教材教法研究会教材编审委员会审订 |
| ISBN 978-7-303-19352-3:CNY27.00 |
| ● |
| 相关链接 |
|
|
|
|
正题名:体操
索取号:G83/196
 
预约/预借
| 序号 | 登录号 | 条形码 | 馆藏地/架位号 | 状态 | 备注 |
| 1 | 1239455 | 212394559 | 第一样本阅览室/ [索取号:G83/196] | 在馆 | |
| 2 | 1239456 | 212394568 | 教育系资料室/ [索取号:G83/196] | 在馆 | |
| 3 | 1239457 | 212394577 | 教育系资料室/ [索取号:G83/196] | 在馆 | |
| 4 | 1239458 | 212394586 | 第四借阅区/ [索取号:G83/196] | 在馆 |